| 000 | 00441nam a22001577a 4500 | ||
|---|---|---|---|
| 005 | 20251108172346.0 | ||
| 008 | 250721s1977 xx 000 0 ara d | ||
| 082 | 1 | 4 | _aط/ق/سجي |
| 245 | 1 | 0 | _aسجين زندا / |
| 264 | 1 |
_aالقاهرة : _bدار غريب، _c1977. |
|
| 300 | _a23ص : مص | ||
| 490 | 0 | _aالمكتبة الذهبية للأطفال ؛ 4 | |
| 650 | 1 | 7 | _aأدب الأطفال |
| 942 |
_2ddc _cBK |
||
| 999 |
_c77175 _d77175 |
||